<?xml version="1.0" encoding="UTF-8"?><?xml-stylesheet type="text/xsl" href="static/style.xsl"?><OAI-PMH xmlns="http://www.openarchives.org/OAI/2.0/" xmlns:xsi="http://www.w3.org/2001/XMLSchema-instance" xsi:schemaLocation="http://www.openarchives.org/OAI/2.0/ http://www.openarchives.org/OAI/2.0/OAI-PMH.xsd"><responseDate>2026-04-27T21:26:44Z</responseDate><request verb="GetRecord" identifier="oai:uvadoc.uva.es:10324/66073" metadataPrefix="marc">https://uvadoc.uva.es/oai/request</request><GetRecord><record><header><identifier>oai:uvadoc.uva.es:10324/66073</identifier><datestamp>2024-10-04T10:33:58Z</datestamp><setSpec>com_10324_43510</setSpec><setSpec>com_10324_954</setSpec><setSpec>com_10324_894</setSpec><setSpec>col_10324_43513</setSpec></header><metadata><record xmlns="http://www.loc.gov/MARC21/slim" xmlns:doc="http://www.lyncode.com/xoai" xmlns:xsi="http://www.w3.org/2001/XMLSchema-instance" xmlns:dcterms="http://purl.org/dc/terms/" xsi:schemaLocation="http://www.loc.gov/MARC21/slim http://www.loc.gov/standards/marcxml/schema/MARC21slim.xsd">
<leader>00925njm 22002777a 4500</leader>
<datafield tag="042" ind1=" " ind2=" ">
<subfield code="a">dc</subfield>
</datafield>
<datafield tag="720" ind1=" " ind2=" ">
<subfield code="a">Picos, Rodrigo</subfield>
<subfield code="e">author</subfield>
</datafield>
<datafield tag="720" ind1=" " ind2=" ">
<subfield code="a">Stavrinides, Stavros G.</subfield>
<subfield code="e">author</subfield>
</datafield>
<datafield tag="720" ind1=" " ind2=" ">
<subfield code="a">Al Chawa, Mohamad Moner</subfield>
<subfield code="e">author</subfield>
</datafield>
<datafield tag="720" ind1=" " ind2=" ">
<subfield code="a">de Benito, Carola</subfield>
<subfield code="e">author</subfield>
</datafield>
<datafield tag="720" ind1=" " ind2=" ">
<subfield code="a">Dueñas Carazo, Salvador</subfield>
<subfield code="e">author</subfield>
</datafield>
<datafield tag="720" ind1=" " ind2=" ">
<subfield code="a">Castán Lanaspa, María Helena</subfield>
<subfield code="e">author</subfield>
</datafield>
<datafield tag="720" ind1=" " ind2=" ">
<subfield code="a">Hatzikraniotis, Euripides</subfield>
<subfield code="e">author</subfield>
</datafield>
<datafield tag="720" ind1=" " ind2=" ">
<subfield code="a">Chua, Leon O.</subfield>
<subfield code="e">author</subfield>
</datafield>
<datafield tag="260" ind1=" " ind2=" ">
<subfield code="c">2022</subfield>
</datafield>
<datafield tag="520" ind1=" " ind2=" ">
<subfield code="a">Memristors were proposed in the early 1970s by Leon Chua as a new electrical element&#xd;
linking charge to flux. Since that first introduction, these devices have positioned themselves to be&#xd;
considered as possible fundamental ones for the generations of electronic devices to come. In this&#xd;
paper, we propose a new way to investigate the effects of the electrical variables on the memristance&#xd;
of a device, and we successfully apply this technique to model the behavior of a TiN/Ti/HfO2/W&#xd;
ReRAM structure. To do so, we initially apply the Dynamic Route Map technique in the general&#xd;
case to obtain an approximation to the differential equation that determines the behaviour of the&#xd;
device. This is performed by choosing a variable of interest and observing the evolution of its own&#xd;
temporal derivative versus both its value and the applied voltage. Then, according to this technique,&#xd;
it is possible to obtain an approach to the governing equations with no need to make any assumption&#xd;
about the underlying physical mechanisms, by fitting a function to this. We have used a polynomial&#xd;
function, which allows accurate reproduction of the observed electrical behavior of the measured&#xd;
devices, by integrating the resulting differential equation system.</subfield>
</datafield>
<datafield tag="024" ind2=" " ind1="8">
<subfield code="a">Electronics 2022, 11(11), 1672: Resistive Memory Characterization, Simulation, and Compact Modeling,</subfield>
</datafield>
<datafield tag="024" ind2=" " ind1="8">
<subfield code="a">https://uvadoc.uva.es/handle/10324/66073</subfield>
</datafield>
<datafield tag="024" ind2=" " ind1="8">
<subfield code="a">10.3390/electronics11111672</subfield>
</datafield>
<datafield tag="024" ind2=" " ind1="8">
<subfield code="a">1672</subfield>
</datafield>
<datafield tag="024" ind2=" " ind1="8">
<subfield code="a">11</subfield>
</datafield>
<datafield tag="024" ind2=" " ind1="8">
<subfield code="a">Electronics</subfield>
</datafield>
<datafield tag="024" ind2=" " ind1="8">
<subfield code="a">11</subfield>
</datafield>
<datafield tag="024" ind2=" " ind1="8">
<subfield code="a">2079-9292</subfield>
</datafield>
<datafield tag="245" ind1="0" ind2="0">
<subfield code="a">Empirical Characterization of ReRAM Devices Using Memory Maps and a Dynamic Route Map</subfield>
</datafield>
</record></metadata></record></GetRecord></OAI-PMH>